Hlavné nedostatky pri uplatňovaní manažérskych systémov

Pokračovanie článku z predchádzajúceho čísla o nezhodách a chybách v praxi manažérskych systémov. Podporné procesy a požiadavky súvisiace s infraštruktúrou ako aj prístupy k zavádzaniu požiadaviek normy ISO 9001:2015 do praxe firiem.

Gespeichert in:
Bibliographische Detailangaben
1. Verfasser: Čollák, Mikuláš
Format: Buchkapitel
Sprache:Slowakisch
Schlagworte:
Tags: Tag hinzufügen
Keine Tags, Fügen Sie das erste Tag hinzu!

MARC

LEADER 00000naa a2200000 4500
001 0210913
005 20231012072751.2
041 0 |a slo 
044 |a SK 
245 1 0 |a Hlavné nedostatky pri uplatňovaní manažérskych systémov  |c Mikuláš Čollák 
520 |a Pokračovanie článku z predchádzajúceho čísla o nezhodách a chybách v praxi manažérskych systémov. Podporné procesy a požiadavky súvisiace s infraštruktúrou ako aj prístupy k zavádzaniu požiadaviek normy ISO 9001:2015 do praxe firiem. 
610 2 0 |a manažéri 
610 2 0 |a systém riadenia kvality 
610 2 0 |a riadenie procesné 
610 2 0 |a zodpovednosť spoločenská 
610 2 0 |a firmy 
610 2 0 |a normy kvality 
610 2 0 |a normy ISO 
100 1 |a Čollák, Mikuláš